[Event "28th Pula Open 2014"]
[Site "Pula CRO"]
[Date "2014.06.12"]
[Round "7.18"]
[White "Fucak, Emilijo"]
[Black "Gorupec, Mladen"]
[Result "1/2-1/2"]
[WhiteTitle "FM"]
[WhiteElo "2258"]
[BlackElo "2086"]
[WhiteFideId "14501023"]
[BlackFideId "14529629"]
[EventDate "2014.06.07"]
[EventType "swiss"]

1. e4 d6 2. d4 Nf6 3. Nc3 g6 4. Nf3 Bg7 5. Be2 O-O 6. O-O Nbd7 7. e5 Ne8 8. Bg5
c6 9. Re1 Nb6 10. Bf1 f6 11. Bh4 Nc7 12. exd6 exd6 13. a4 a5 14. Ne4 d5 15. Nc5
Nd7 16. Nd3 Re8 17. h3 Nf8 18. c3 Rxe1 19. Qxe1 Nfe6 20. Qe3 Ne8 21. Bg3 Nd6 22.
Bh2 Nf5 23. Qe1 Bf8 24. g4 Nfg7 25. Qe3 Bd6 26. Bxd6 Qxd6 27. Re1 b6 28. Nh4 Bd7
29. Bg2 1/2-1/2

[Event "28th Pula Open 2014"]
[Site "Pula CRO"]
[Date "2014.06.12"]
[Round "7.19"]
[White "Kersic, Matej"]
[Black "Zierke, Oliver"]
[Result "1/2-1/2"]
[BlackTitle "FM"]
[WhiteElo "2159"]
[BlackElo "2253"]
[WhiteFideId "14605848"]
[BlackFideId "4607244"]
[EventDate "2014.06.07"]
[EventType "swiss"]

1. e4 c5 2. Nf3 Nc6 3. d4 cxd4 4. Nxd4 Nf6 5. Nc3 d6 6. Bg5 e6 7. Qd2 Be7 8.
O-O-O O-O 9. f4 h6 10. Bh4 e5 11. Nxc6 bxc6 12. fxe5 dxe5 13. Qxd8 Rxd8 14.
Rxd8+ Bxd8 15. Bc4 Kf8 16. Rf1 Ke7 17. Na4 Bb6 18. Bxf6+ gxf6 19. Rf3 Bg1 20. h3
h5 21. Kd2 Bd7 22. Ke2 h4 23. Rb3 Rg8 24. Kf1 Bd4 25. c3 Be3 26. Rb7 Rg7 27. Ke2
Bg1 28. Kf1 1/2-1/2

[Event "28th Pula Open 2014"]
[Site "Pula CRO"]
[Date "2014.06.12"]
[Round "7.20"]
[White "Konic, Zlatko"]
[Black "Reichmann, Egon"]
[Result "1/2-1/2"]
[BlackTitle "FM"]
[WhiteElo "2103"]
[BlackElo "2249"]
[WhiteFideId "14507137"]
[BlackFideId "1600486"]
[EventDate "2014.06.07"]
[EventType "swiss"]

1. d4 d5 2. c4 e6 3. Nc3 c6 4. e3 f5 5. Bd3 Nf6 6. Nf3 Bd6 7. O-O O-O 8. b3 Bd7
9. Qc2 Be8 10. cxd5 cxd5 11. Nb5 Bxb5 12. Bxb5 a6 13. Bd3 Nc6 14. a3 Rc8 15. Qe2
Na5 16. Rb1 Ne4 17. Bxe4 fxe4 18. Ne5 Bxe5 19. dxe5 Qg5 20. Qd2 Nc6 21. Bb2 Nxe5
22. Bxe5 Qxe5 23. Qb4 Rf7 24. Rbc1 Rcf8 25. Rc2 h5 26. a4 h4 27. h3 Rc7 28. Rxc7
Qxc7 29. Qd2 Rc8 30. Qd4 Rd8 31. Qd2 Rd6 32. f3 exf3 33. Rxf3 Rc6 34. Rf1 Rc2
35. Qd1 Rc3 36. Qh5 Qe7 37. Qe5 Rxb3 38. Rc1 Qf6 39. Qh5 Qh6 40. Qe8+ Kh7 41.
Kh1 Qxe3 42. Rf1 Rb2 43. Qh5+ Qh6 44. Qe8 Qg6 1/2-1/2

[Event "28th Pula Open 2014"]
[Site "Pula CRO"]
[Date "2014.06.12"]
[Round "7.21"]
[White "Mihalinec, Damir"]
[Black "Vrhovnik, Damir"]
[Result "1-0"]
[WhiteElo "2247"]
[BlackElo "2095"]
[WhiteFideId "14504260"]
[BlackFideId "14526956"]
[EventDate "2014.06.07"]
[EventType "swiss"]

1. c4 c5 2. Nf3 Nf6 3. Nc3 Nc6 4. g3 g6 5. Bg2 Bg7 6. O-O O-O 7. d4 cxd4 8. Nxd4
Nxd4 9. Qxd4 d6 10. Qd3 Bf5 11. e4 Be6 12. Nd5 Rc8 13. a4 Ng4 14. Ra2 Ne5 15.
Qe3 Nc6 16. b3 Re8 17. Bb2 Qd7 18. Bxg7 Kxg7 19. f4 f6 20. Raf2 b6 21. Qd2 Rf8
22. Ne3 Bh3 23. Bxh3 Qxh3 24. g4 Rcd8 25. Rf3 Qh6 26. Qd5 Rc8 27. h4 Kh8 28. h5
gxh5 29. Rh3 Qg6 30. Rxh5 e6 31. Qd3 Rg8 32. Kf2 Rcd8 33. Rfh1 Rg7 34. Rh6 Qf7
35. Qc3 Rf8 36. g5 Rg6 37. Ng4 Rfg8 1-0

[Event "28th Pula Open 2014"]
[Site "Pula CRO"]
[Date "2014.06.12"]
[Round "7.22"]
[White "Cherin, Diego"]
[Black "Rattinger, Thomas"]
[Result "1/2-1/2"]
[WhiteTitle "FM"]
[WhiteElo "2239"]
[BlackElo "2003"]
[WhiteFideId "816922"]
[BlackFideId "1602438"]
[EventDate "2014.06.07"]
[EventType "swiss"]

1. e4 c5 2. Nf3 Nc6 3. d4 cxd4 4. Nxd4 e5 5. Nb5 d6 6. N1c3 a6 7. Na3 b5 8. Nd5
Nce7 9. c4 Nxd5 10. exd5 bxc4 11. Nxc4 Nf6 12. Bd2 Ne4 13. Ba5 Qf6 14. Qc2 Nc5
15. Nb6 Bf5 16. Qc4 Rb8 17. b4 Bd3 18. Bxd3 e4 19. O-O 1/2-1/2

[Event "28th Pula Open 2014"]
[Site "Pula CRO"]
[Date "2014.06.12"]
[Round "7.23"]
[White "Kuntner, Reinhard2"]
[Black "Skreno, Vladimir"]
[Result "0-1"]
[WhiteElo "2075"]
[BlackElo "2237"]
[WhiteFideId "1630555"]
[BlackFideId "14902893"]
[EventDate "2014.06.07"]
[EventType "swiss"]

1. c4 Nf6 2. Nc3 g6 3. g3 Bg7 4. Bg2 c6 5. e4 d6 6. Nge2 e5 7. d3 Nbd7 8. O-O
O-O 9. h3 Nc5 10. Be3 Bd7 11. Qd2 Ne8 12. f4 exf4 13. gxf4 f5 14. e5 Ne6 15. d4
dxe5 16. fxe5 Qa5 17. a3 Rd8 18. b4 Qa6 19. Qa2 N6c7 20. Bg5 Rc8 21. Rad1 h6 22.
Be3 g5 23. b5 cxb5 24. cxb5+ Qe6 25. Qxe6+ Bxe6 26. Bc1 Bc4 27. Bxb7 Rb8 28. Bc6
Nxb5 29. Bd5+ Bxd5 30. Nxd5 Nec7 31. Ne7+ Kh7 32. Nxf5 Nd5 33. Rd3 Nbc7 34. Neg3
Kg6 35. Rdf3 Ne6 36. Kh2 Rb1 37. Nxg7 Rxf3 38. Rxf3 Kxg7 39. Nf5+ Kh7 40. Ne3
Nxd4 41. Rf7+ Kg6 42. Rd7 Rxc1 43. Nxd5 Nf3+ 44. Kg3 Nxe5 45. Rxa7 h5 46. a4 h4+
47. Kg2 Kf5 48. a5 Rc2+ 49. Kf1 Ke4 50. Nb4 Rb2 51. Rb7 Kf3 52. Ke1 Rxb4 53. Re7
Nc6 54. Rg7 Nxa5 55. Rxg5 Re4+ 56. Kd2 Nc4+ 57. Kc3 Ne3 58. Rg8 Ng2 59. Kd2 Nf4 0-1

[Event "28th Pula Open 2014"]
[Site "Pula CRO"]
[Date "2014.06.12"]
[Round "7.24"]
[White "Nordenbaek, Jan"]
[Black "Kukurin, Luka"]
[Result "1-0"]
[WhiteElo "2226"]
[BlackElo "1977"]
[WhiteFideId "1401475"]
[BlackFideId "14537303"]
[EventDate "2014.06.07"]
[EventType "swiss"]

1. e4 c5 2. Nf3 d6 3. Bb5+ Bd7 4. Bxd7+ Qxd7 5. O-O Nf6 6. Qe2 Nc6 7. c3 e5 8.
Rd1 Be7 9. d4 cxd4 10. cxd4 exd4 11. Nxd4 O-O 12. Nc3 Rfe8 13. Bf4 Nxd4 14. Rxd4
Qc6 15. Rad1 Rad8 16. Qd3 h6 17. h3 a6 18. Bg3 Bf8 19. e5 Nd7 20. exd6 Ne5 21.
Qe4 Qxe4 22. Rxe4 f6 23. f4 Nc6 24. Rxe8 Rxe8 25. Bf2 Rd8 26. d7 Nb8 27. Ba7 Be7
28. Nd5 Kf7 29. Bxb8 Rxb8 30. f5 Bd8 31. Nf4 Ke7 32. Kf1 b5 33. Ng6+ Kf7 34. Re1 1-0

[Event "28th Pula Open 2014"]
[Site "Pula CRO"]
[Date "2014.06.12"]
[Round "7.25"]
[White "Zuttioni, Federico"]
[Black "Plenca, Jadranko"]
[Result "1-0"]
[WhiteElo "2081"]
[BlackElo "2208"]
[WhiteFideId "849596"]
[BlackFideId "14527146"]
[EventDate "2014.06.07"]
[EventType "swiss"]

1. e4 e5 2. Nf3 Nc6 3. Bb5 a6 4. Ba4 Nf6 5. O-O Be7 6. d3 d6 7. c3 O-O 8. Re1 b5
9. Bc2 Re8 10. Nbd2 Bf8 11. d4 exd4 12. Nxd4 Ne7 13. Nf1 Ng6 14. Ng3 Bb7 15. f4
c5 16. Ndf5 Qc7 17. Qf3 Bc6 18. Bd2 Rad8 19. Rad1 Qb7 20. Bc1 Rd7 21. h3 Red8
22. Nh5 Nxh5 23. Qxh5 d5 24. e5 d4 25. cxd4 Bxg2 26. Nh4 Bc6 27. e6 Rd5 28. f5
Nxh4 29. Qxh4 f6 30. Bb3 Be7 31. Bxd5 Rxd5 32. Qg4 Kh8 33. dxc5 Rxc5 34. Be3 Rc4
35. Rd4 Bf3 36. Qg3 Rxd4 37. Bxd4 Qd5 38. Qb8+ Bd8 39. Bb6 1-0

[Event "28th Pula Open 2014"]
[Site "Pula CRO"]
[Date "2014.06.13"]
[Round "8.1"]
[White "Fodor, Tamas Jr."]
[Black "Drazic, Sinisa"]
[Result "1-0"]
[WhiteTitle "GM"]
[BlackTitle "GM"]
[WhiteElo "2462"]
[BlackElo "2433"]
[WhiteFideId "723762"]
[BlackFideId "901172"]
[EventDate "2014.06.07"]
[EventType "swiss"]

1. d4 Nf6 2. c4 d6 3. Nc3 e5 4. Nf3 Nbd7 5. e4 Be7 6. Be2 O-O 7. O-O c6 8. Qc2
a6 9. h3 Qc7 10. Be3 b6 11. Rac1 Re8 12. Nd2 exd4 13. Bxd4 Bb7 14. f4 c5 15. Bf2
Bf8 16. Rce1 Nb8 17. Bf3 Nc6 18. Nd5 Qd8 19. Qc3 Nxd5 20. exd5 Nb8 21. Bh4 Qc8
22. Bg4 Rxe1 23. Bxc8 Rxf1+ 24. Kxf1 Bxc8 25. Bd8 b5 26. Qa5 Bf5 27. b3 bxc4 28.
bxc4 h5 29. Ke2 Nd7 30. Kf3 Nf6 31. Bxf6 gxf6 32. Ne4 Bxe4+ 33. Kxe4 Re8+ 34.
Kf5 Re2 35. Qxa6 Rxg2 36. Qa8 Rc2 37. a4 Rxc4 38. a5 Ra4 39. a6 c4 40. Qc6 Ra5
41. Qxc4 Kg7 42. Qc6 1-0

[Event "28th Pula Open 2014"]
[Site "Pula CRO"]
[Date "2014.06.13"]
[Round "8.2"]
[White "Jovanovic, Zoran"]
[Black "Rukavina, Josip"]
[Result "1-0"]
[WhiteTitle "GM"]
[BlackTitle "IM"]
[WhiteElo "2556"]
[BlackElo "2410"]
[WhiteFideId "14505320"]
[BlackFideId "14500191"]
[EventDate "2014.06.07"]
[EventType "swiss"]

1. e4 c5 2. Nc3 Nc6 3. Bb5 e5 4. Nf3 d6 5. d3 h6 6. a3 Nf6 7. b4 cxb4 8. axb4
Be7 9. Be3 Ng4 10. Bd2 O-O 11. h3 Nf6 12. Bxc6 bxc6 13. O-O Bb7 14. Ne2 Re8 15.
Ng3 Bf8 16. c4 d5 17. Qc2 a6 18. Bc3 d4 19. Bd2 g6 20. Ra5 Nd7 21. c5 Bg7 22.
Bc1 Rf8 23. Nd2 Nf6 24. Nc4 Ne8 25. f4 exf4 26. Bxf4 Ra7 27. Qf2 Bc8 28. Raa1
Be6 29. Nd6 Nc7 30. Ne2 Nb5 31. Nxb5 cxb5 32. Bd6 Re8 33. Nxd4 Qd7 34. e5 Raa8
35. Qf3 Rec8 36. Kh1 Qe8 37. Nxe6 fxe6 38. Qb7 g5 39. Rf3 Rd8 40. Qe4 Ra7 41.
Raf1 Rc8 42. d4 Kh8 43. d5 Qg8 44. Qg6 exd5 45. e6 Qh7 46. Qxh7+ Kxh7 47. e7 Re8
48. c6 1-0

[Event "28th Pula Open 2014"]
[Site "Pula CRO"]
[Date "2014.06.13"]
[Round "8.3"]
[White "Lizak, Peter"]
[Black "Bosiocic, Marin"]
[Result "0-1"]
[WhiteTitle "IM"]
[BlackTitle "GM"]
[WhiteElo "2401"]
[BlackElo "2543"]
[WhiteFideId "731595"]
[BlackFideId "14507927"]
[EventDate "2014.06.07"]
[EventType "swiss"]

1. d4 d5 2. Nf3 Nf6 3. g3 Bf5 4. Bg2 e6 5. O-O h6 6. c4 c6 7. Qb3 Qb6 8. c5 Qxb3
9. axb3 Nbd7 10. b4 a6 11. Nbd2 O-O-O 12. Nb3 Ne8 13. b5 cxb5 14. Bd2 Be4 15.
Rfc1 Bxf3 16. Bxf3 Nb8 17. Na5 Nc7 18. Bf4 Be7 19. c6 b6 20. Nb7 Rdf8 21. Nd6+
Bxd6 22. Bxd6 Rd8 23. Be7 Rde8 24. Bd6 Rd8 25. Be7 Rde8 26. Bd6 a5 27. e3 b4 28.
Bh5 g6 29. Be2 f6 30. Bd3 Rhg8 31. h4 Rg7 32. g4 e5 33. g5 hxg5 34. hxg5 exd4
35. gxf6 Rf7 36. exd4 Rxf6 37. Bg3 Ree6 38. Be5 Rf7 39. Bf1 Rxc6 40. Bg2 g5 41.
Kf1 g4 42. Ke2 Rf5 43. Ke3 Kb7 44. Rh1 Nd7 45. Bg3 Nf6 46. Rac1 Rxc1 47. Rxc1
Nce8 48. Be5 Ne4 49. Bxe4 dxe4 50. Rc2 b3 51. Rd2 Nf6 52. Bxf6 Rxf6 53. d5 Kc7
54. Kxe4 Kd6 55. Rd3 Rf3 56. Rd2 b5 0-1

[Event "28th Pula Open 2014"]
[Site "Pula CRO"]
[Date "2014.06.13"]
[Round "8.4"]
[White "Fercec, Nenad"]
[Black "Schnider, Gert"]
[Result "1-0"]
[WhiteTitle "GM"]
[BlackTitle "FM"]
[WhiteElo "2495"]
[BlackElo "2354"]
[WhiteFideId "14500299"]
[BlackFideId "1606310"]
[EventDate "2014.06.07"]
[EventType "swiss"]

1. e4 e6 2. d4 d5 3. Nc3 Nf6 4. e5 Nfd7 5. Nce2 c5 6. c3 Nc6 7. Nf3 Qb6 8. a3
cxd4 9. cxd4 f6 10. exf6 Nxf6 11. Nc3 Bd6 12. Bb5 O-O 13. O-O Bd7 14. Re1 Rae8
15. Be3 Qc7 16. h3 Re7 17. Rc1 a6 18. Bxc6 Bxc6 19. b4 Qb8 20. Ne5 Bxe5 21. dxe5
Nd7 22. Qd4 Ref7 23. f4 Rc8 24. Re2 Rff8 25. Rec2 Bb5 26. a4 Bc4 27. Ne4 b5 28.
Nd6 Rc6 29. axb5 axb5 30. Ra1 Nb6 31. Ra6 Rxd6 32. exd6 Nd7 33. Rc1 Qe8 34. Rca1
Qg6 35. Ra8 Nb8 36. Qa7 1-0

[Event "28th Pula Open 2014"]
[Site "Pula CRO"]
[Date "2014.06.13"]
[Round "8.5"]
[White "Tratar, Marko"]
[Black "Dauth, Benjamin"]
[Result "1/2-1/2"]
[WhiteTitle "GM"]
[BlackTitle "FM"]
[WhiteElo "2484"]
[BlackElo "2345"]
[WhiteFideId "14600684"]
[BlackFideId "4688104"]
[EventDate "2014.06.07"]
[EventType "swiss"]

1. d4 d5 2. Nf3 Nf6 3. c4 e6 4. Nc3 Be7 5. Bf4 O-O 6. e3 c6 7. c5 b6 8. b4 a5 9.
a3 Ba6 10. Bxa6 Rxa6 11. O-O b5 12. Qe2 Nbd7 13. Nd2 Re8 14. Nb3 a4 15. Na5 Ne4
16. Nxe4 dxe4 17. Nb7 Qc8 18. Nd6 Bxd6 19. Bxd6 f5 20. f3 Nf6 21. Rae1 Ra7 22.
Be5 Rf7 23. Qc2 exf3 24. gxf3 Qd8 25. Rf2 Nd7 26. Bd6 Qh4 27. Bg3 Qh3 28. Qd2
Nf6 29. Ree2 Qh6 30. Rg2 Nd5 31. Be5 f4 32. e4 Ne3 33. Rxe3 fxe3 34. Qe2 g6 35.
Rg3 Rd8 36. Kg2 Rfd7 37. f4 Rxd4 38. Bxd4 Rxd4 39. Qxe3 Rc4 40. Rf3 Rc2+ 1/2-1/2

[Event "28th Pula Open 2014"]
[Site "Pula CRO"]
[Date "2014.06.13"]
[Round "8.6"]
[White "Zufic, Miroslav"]
[Black "Muskardin, Mario"]
[Result "1-0"]
[WhiteTitle "IM"]
[WhiteElo "2470"]
[BlackElo "2248"]
[WhiteFideId "14506157"]
[BlackFideId "14518180"]
[EventDate "2014.06.07"]
[EventType "swiss"]

1. e4 d6 2. d4 Nf6 3. Nc3 e5 4. Nf3 Nbd7 5. Bc4 Be7 6. O-O O-O 7. Re1 c6 8. a4
a5 9. h3 exd4 10. Qxd4 Nc5 11. Bf4 Be6 12. Rad1 Qb6 13. Bxe6 fxe6 14. Bxd6 Bxd6
15. Qxd6 Rad8 16. Qe5 Nfd7 17. Qd4 Qxb2 18. Qe3 Qa3 19. Rb1 Rb8 20. Red1 Rfd8
21. Rd4 e5 22. Rd2 Nf6 23. Rxd8+ Rxd8 24. Nxe5 Nxa4 25. Rxb7 Nxc3 26. Rxg7+ Kh8
27. Kh2 Re8 28. Qg3 Rxe5 29. Rf7 1-0

[Event "28th Pula Open 2014"]
[Site "Pula CRO"]
[Date "2014.06.13"]
[Round "8.7"]
[White "Jovanic, Ognjen"]
[Black "Mestek, Igor"]
[Result "1-0"]
[WhiteTitle "GM"]
[WhiteElo "2489"]
[BlackElo "2130"]
[WhiteFideId "14504081"]
[BlackFideId "14602270"]
[EventDate "2014.06.07"]
[EventType "swiss"]

1. d4 d5 2. Nf3 Nf6 3. c4 dxc4 4. e3 Be6 5. Na3 g6 6. Bxc4 Bxc4 7. Nxc4 Qd5 8.
b3 Bg7 9. Ba3 Nc6 10. O-O Ne4 11. Qc2 O-O 12. Rad1 a5 13. Nce5 Ra6 14. Nd3 g5
15. Nc5 Nxc5 16. dxc5 Qe6 17. Nxg5 Qg6 18. Ne4 Rfa8 19. f3 Nb4 20. Qe2 Re6 21.
Bc1 Qh5 22. Rf2 a4 23. Qc4 Nc6 24. b4 Ne5 25. Qc2 a3 26. Ng3 Qg6 27. e4 Rea6 28.
Nf5 Bf8 29. Bf4 Qe6 30. Qc3 f6 31. Nd4 Qc4 32. Qxc4+ Nxc4 33. Rc1 Nb2 34. Bxc7
Nd3 35. Rb1 Nxf2 36. Kxf2 Rc8 37. Nb5 Kf7 38. Rb3 e5 39. Kg3 Ke6 40. Bb6 Kd7 41.
Rd3+ Ke7 42. Nxa3 Rca8 43. Ba5 Rxa5 44. bxa5 Rxa5 45. Rb3 Ke8 46. Nb1 Bxc5 47.
Rxb7 Rxa2 48. Nc3 Ra7 49. Rxa7 Bxa7 50. Kg4 Bg1 51. Kf5 Bxh2 52. Kxf6 1-0

[Event "28th Pula Open 2014"]
[Site "Pula CRO"]
[Date "2014.06.13"]
[Round "8.8"]
[White "Kovacevic, Blazimir"]
[Black "Mihalinec, Damir"]
[Result "1/2-1/2"]
[WhiteTitle "IM"]
[WhiteElo "2474"]
[BlackElo "2247"]
[WhiteFideId "14502712"]
[BlackFideId "14504260"]
[EventDate "2014.06.07"]
[EventType "swiss"]

1. d4 Nf6 2. Bg5 d6 3. Bxf6 exf6 4. e3 g6 5. Ne2 Bg7 6. g3 O-O 7. Bg2 c6 8. c4
f5 9. Nbc3 Re8 10. O-O Nd7 11. b4 Nf6 12. Qd3 Qb6 13. b5 cxb5 14. Nxb5 a6 15.
Nbc3 Bh6 16. Nd5 Nxd5 17. Bxd5 Qa5 18. Nc3 Re7 19. Rab1 Rb8 20. Rb3 Rc7 21. Rfb1
Bg5 22. Rb6 Be7 23. Qc2 Kg7 24. Qb3 Bd7 25. Qb4 Qxb4 26. R1xb4 a5 27. Rb2 Be6
28. R2b5 Bd8 29. Rxd6 Bxd5 30. Nxd5 Rxc4 31. Rd7 b6 32. Nf4 Kf8 33. Nd3 Bc7 34.
Ne5 Rc1+ 35. Kg2 Ke8 36. Rdd5 Rc2 37. a4 Rd8 38. Rxd8+ Bxd8 39. d5 Bc7 40. Nc6
Ra2 41. d6 Bxd6 42. Rxb6 Rxa4 43. Ra6 Bc7 44. Ra7 Bb6 45. Re7+ Kf8 46. Rb7 Bc5
47. Ne5 Be7 48. Nc6 Bc5 49. Rb8+ Kg7 50. Ra8 Bb6 51. Ra6 Bc7 52. Ra7 Bb6 53. Ra6
Bc7 54. Ra7 1/2-1/2

[Event "28th Pula Open 2014"]
[Site "Pula CRO"]
[Date "2014.06.13"]
[Round "8.9"]
[White "Skreno, Vladimir"]
[Black "Maier, Christian"]
[Result "1/2-1/2"]
[BlackTitle "IM"]
[WhiteElo "2237"]
[BlackElo "2369"]
[WhiteFideId "14902893"]
[BlackFideId "4601955"]
[EventDate "2014.06.07"]
[EventType "swiss"]

1. d4 Nf6 2. Nf3 e6 3. c4 d5 4. Nc3 c5 5. cxd5 exd5 6. Bg5 Nc6 7. e3 cxd4 8.
Nxd4 Be7 9. Rc1 O-O 10. Be2 Be6 11. O-O Rc8 12. a3 Qd7 13. Qa4 h6 14. Bh4 Nxd4
15. Qxd4 Bc5 16. Qa4 Qxa4 17. Nxa4 Be7 18. Nc3 d4 19. exd4 Rfd8 20. d5 Nxd5 21.
Bxe7 Nxe7 22. Rcd1 Bb3 23. Rxd8+ Rxd8 24. Bf3 b6 25. Bd1 Bc4 26. Re1 Kf8 27. Be2
Bb3 28. Bd1 Be6 29. Bf3 Rd2 30. Re2 Rd4 31. Re1 Bb3 32. Re4 Rd7 33. Re1 Rd2 34.
Re2 Rd8 35. Re1 Nf5 36. Bd1 Bc4 37. Be2 Bxe2 38. Rxe2 Rd3 39. h3 Nd4 40. Re1 Rd2
41. Rd1 Ne2+ 42. Kf1 Rxd1+ 43. Nxd1 Nf4 44. h4 Ke7 45. g3 Nd5 1/2-1/2

[Event "28th Pula Open 2014"]
[Site "Pula CRO"]
[Date "2014.06.13"]
[Round "8.10"]
[White "Mihalincic, Tomislav"]
[Black "Cherin, Diego"]
[Result "0-1"]
[WhiteTitle "FM"]
[BlackTitle "FM"]
[WhiteElo "2317"]
[BlackElo "2239"]
[WhiteFideId "14503867"]
[BlackFideId "816922"]
[EventDate "2014.06.07"]
[EventType "swiss"]

1. d4 c5 2. e3 d5 3. c4 Nf6 4. Nc3 e6 5. Nf3 Be7 6. Be2 dxc4 7. Bxc4 O-O 8. O-O
Nc6 9. a3 b6 10. dxc5 bxc5 11. Qa4 Qb6 12. Rd1 Rb8 13. Bb5 Bb7 14. Qc2 Rfc8 15.
Nd2 Ne5 16. Nc4 Qc7 17. Nxe5 Qxe5 18. Bc4 Rd8 19. Re1 Qh5 20. e4 Qg6 21. Qe2 e5
22. f3 h5 23. Be3 Nh7 24. Rad1 Ng5 25. Rxd8+ Rxd8 26. Rd1 Qb6 27. b4 Ne6 28.
Rxd8+ Qxd8 29. Bxe6 fxe6 30. bxc5 Qc8 31. Qc4 Ba6 32. Nb5 Qd7 33. a4 Kh7 34. g3
h4 35. Kg2 Qd1 36. c6 h3+ 37. Kxh3 Qxf3 38. Qxe6 Qf1+ 39. Kg4 Qe2+ 40. Kh3 Qf1+
41. Kg4 Qe2+ 42. Kh3 Qxe3 43. Qxe7 Bc8+ 44. Kg2 Qe2+ 45. Kg1 Qe1+ 46. Kg2 Qxe4+
47. Kf2 Bg4 48. Nc3 Qd4+ 49. Kg2 Qd2+ 50. Kg1 Bf3 0-1

[Event "28th Pula Open 2014"]
[Site "Pula CRO"]
[Date "2014.06.13"]
[Round "8.11"]
[White "Franciskovic, Borka"]
[Black "Zuttioni, Federico"]
[Result "1-0"]
[WhiteTitle "WIM"]
[WhiteElo "2310"]
[BlackElo "2081"]
[WhiteFideId "14507943"]
[BlackFideId "849596"]
[EventDate "2014.06.07"]
[EventType "swiss"]

1. Nf3 Nf6 2. c4 e6 3. g3 d5 4. Bg2 Nbd7 5. b3 Bd6 6. Bb2 c6 7. d4 Ne4 8. O-O
O-O 9. Nbd2 f5 10. Ne5 Nxe5 11. dxe5 Be7 12. e3 b6 13. Qc2 Nxd2 14. Qxd2 a5 15.
Rfd1 Bb7 16. Qc2 Bc5 17. Bd4 Qe7 18. Bxc5 Qxc5 19. Rac1 Rfc8 20. Qb2 Qe7 21. Qd4
b5 22. cxb5 cxb5 23. Qb6 Qd7 24. Bf1 Bc6 25. Rc2 Qb7 26. Qxb7 Bxb7 27. Rdc1 b4
28. Rc7 Rxc7 29. Rxc7 Ba6 30. Bxa6 Rxa6 31. Rb7 a4 32. Rxb4 axb3 33. axb3 Ra1+
34. Kg2 Rb1 35. Rb7 Rb2 36. h4 Kf8 37. b4 Rb3 38. h5 h6 39. b5 Rb2 40. b6 Rb3
41. Kf1 Rb2 42. Rb8+ Kf7 43. Ke1 g6 44. Rb7+ Kf8 45. hxg6 Kg8 46. Kd1 Kf8 47.
Kc1 Rb4 48. Rf7+ Kg8 49. b7 Rb3 50. Rc7 1-0

[Event "28th Pula Open 2014"]
[Site "Pula CRO"]
[Date "2014.06.13"]
[Round "8.12"]
[White "Viviani, Alessio"]
[Black "Doric, Nenad"]
[Result "1/2-1/2"]
[BlackTitle "IM"]
[WhiteElo "2114"]
[BlackElo "2303"]
[WhiteFideId "856550"]
[BlackFideId "14501694"]
[EventDate "2014.06.07"]
[EventType "swiss"]

1. d4 d5 2. c4 c6 3. Nf3 Nf6 4. Nc3 e6 5. Bg5 dxc4 6. e4 b5 7. e5 h6 8. Bh4 g5
9. Nxg5 hxg5 10. Bxg5 Nbd7 11. exf6 Bb7 12. g3 c5 13. d5 Qc7 14. Bg2 b4 15. Nb5
Qe5+ 16. Be3 Nxf6 17. O-O Nxd5 18. Re1 Qh5 19. Nc7+ Kd7 20. Nxd5 exd5 21. h4
Qxd1 22. Raxd1 Rh5 23. Bg5 Rxg5 24. hxg5 Bd6 25. Rxd5 Bxd5 1/2-1/2

[Event "28th Pula Open 2014"]
[Site "Pula CRO"]
[Date "2014.06.13"]
[Round "8.13"]
[White "Krsnik Cohar, Ivan Vihor"]
[Black "Beletic, Daniel"]
[Result "1/2-1/2"]
[WhiteElo "2106"]
[BlackElo "2270"]
[WhiteFideId "14520044"]
[BlackFideId "14602709"]
[EventDate "2014.06.07"]
[EventType "swiss"]

1. d4 c5 2. dxc5 e6 3. Bf4 Bxc5 4. e3 Nf6 5. Nf3 Qb6 6. Nbd2 d5 7. Bd3 Nc6 8.
O-O O-O 9. Rb1 a5 10. Qe2 Nb4 11. Bg5 Nxd3 12. cxd3 Be7 13. Ne5 Qd6 14. Bf4 Qd8
15. Rbc1 Ne8 16. d4 f6 17. Nd3 b6 18. Rfe1 Bb7 19. Qg4 Qd7 20. Nf1 Ba6 21. Red1
Rc8 22. Rxc8 1/2-1/2

[Event "28th Pula Open 2014"]
[Site "Pula CRO"]
[Date "2014.06.13"]
[Round "8.14"]
[White "Sevo, Igor"]
[Black "Nordenbaek, Jan"]
[Result "1/2-1/2"]
[WhiteElo "2259"]
[BlackElo "2226"]
[WhiteFideId "14503174"]
[BlackFideId "1401475"]
[EventDate "2014.06.07"]
[EventType "swiss"]

1. e4 c5 2. Nf3 Nc6 3. d4 cxd4 4. Nxd4 Nf6 5. Nc3 e5 6. Nxc6 bxc6 7. Bc4 Bb4 8.
Bg5 h6 9. Bxf6 Bxc3+ 10. bxc3 Qxf6 11. Qd3 O-O 12. Rd1 d6 13. O-O Rd8 14. Qe3
Be6 15. Bb3 Rd7 16. Rd2 Rad8 17. Rfd1 Qe7 18. c4 Kh8 19. f3 f6 20. Qc3 Qf7 21.
Qb4 c5 22. Qc3 Qe7 23. Ba4 Rb7 24. Bb5 a6 25. Bxa6 Ra7 26. Bb5 Rxa2 27. Qb3 Ra7
28. Qe3 Qf7 29. Qc3 Qc7 30. Rd3 Rb7 31. Qd2 Rb6 32. Qa5 f5 33. Qe1 Qf7 34. Qa5
Qb7 35. Re3 fxe4 36. fxe4 Bf7 37. Rf1 Bg6 1/2-1/2

[Event "28th Pula Open 2014"]
[Site "Pula CRO"]
[Date "2014.06.13"]
[Round "8.16"]
[White "Yrjola, Jouni"]
[Black "Bostl, Frantisek"]
[Result "1-0"]
[WhiteTitle "GM"]
[WhiteElo "2366"]
[BlackElo "2198"]
[WhiteFideId "500011"]
[BlackFideId "314579"]
[EventDate "2014.06.07"]
[EventType "swiss"]

1. d4 Nf6 2. c4 g6 3. Nc3 d5 4. Nf3 Bg7 5. Qb3 c6 6. cxd5 cxd5 7. Bg5 e6 8. e3
O-O 9. Bd3 Nc6 10. O-O Qa5 11. a3 Nh5 12. Qd1 f6 13. Bh4 e5 14. dxe5 fxe5 15. b4
Qc7 16. Nxd5 Qd6 17. Be4 Kh8 18. b5 Na5 19. Be7 Qd7 20. Bxf8 Bxf8 21. Qa4 Qd8
22. Rfd1 Be6 23. Nf4 Qxd1+ 24. Rxd1 Bb3 25. Qxa5 Bxd1 26. Nxh5 gxh5 27. Qc7 Bg7
28. Nxe5 Bb3 29. f4 1-0

[Event "28th Pula Open 2014"]
[Site "Pula CRO"]
[Date "2014.06.13"]
[Round "8.17"]
[White "Licardo, Renato"]
[Black "Bontempi, Piero"]
[Result "0-1"]
[BlackTitle "FM"]
[WhiteElo "2186"]
[BlackElo "2361"]
[WhiteFideId "14503573"]
[BlackFideId "809250"]
[EventDate "2014.06.07"]
[EventType "swiss"]

1. e4 c5 2. Nc3 Nc6 3. f4 e6 4. Nf3 Nge7 5. d4 cxd4 6. Nxd4 Nxd4 7. Qxd4 Nc6 8.
Qf2 d5 9. exd5 exd5 10. Bd3 Be7 11. Bd2 O-O 12. a3 Bh4 13. g3 Re8+ 14. Ne2 Bf6
15. O-O-O b5 16. Bxb5 Rb8 17. c4 a6 18. Bc3 axb5 19. Rxd5 Qe7 20. cxb5 Qe4 21.
Rhd1 Be6 22. Rc5 Bb3 23. Bxf6 Bxd1 24. Nc3 Qh1 25. Nxd1 gxf6 26. bxc6 Rbd8 0-1